000 00399nam a2200145 i 4500
001 39331
003 ES-MaACL
007 t|
008 030227s1976 xxk ||||1| eng d
100 1 _aCameron, James.
_934063
245 1 4 _aThe making of Israel /
_cJames Cameron.
260 _aLondon :
_bSecker and Warburg,
_c[1976]
300 _a104 p. :
_bil. ;
_c24 cm.
852 _aES-MaACL
_jL-7581
_bR.107685
999 _c39331
_d39331